[Event "Rentree-B"]
[Site "Gatineau CAN"]
[Date "2016.09.20"]
[Round "2"]
[White "Berthiaume, Patrick"]
[Black "Piche, Guy"]
[Result "0-1"]
[WhiteElo "1421"]
[BlackElo "1579"]
[PlyCount "34"]
[EventDate "2016.09.13"]
[EventType "swiss"]
[EventRounds "5"]
[EventCountry "CAN"]

1. e4 d6 2. d4 Nf6 3. Nc3 Nbd7 4. Nf3 e5 5. Be2 Be7 6. O-O O-O 7. dxe5 dxe5 8.
a3 c6 9. b4 Qc7 10. Re1 Rd8 11. Bb2 Nf8 12. Bd3 Ng6 13. Qe2 Nf4 14. Qe3 Ng4 15.
Qd2 Qd6 16. Rad1 Qg6 17. h3 Nh2 0-1

[Event "Rentree-B"]
[Site "Gatineau CAN"]
[Date "2016.09.20"]
[Round "2"]
[White "Clermont, Yves"]
[Black "Lecorre, Joel"]
[Result "0-1"]
[WhiteElo "1252"]
[BlackElo "1564"]
[PlyCount "67"]
[EventDate "2016.09.13"]
[EventType "swiss"]
[EventRounds "5"]
[EventCountry "CAN"]

1. d4 Nf6 2. c4 e5 3. e3 e4 4. Be2 d5 5. Nc3 Bb4 6. Bd2 Bxc3 7. Bxc3 c6 8. Qb3
Nbd7 9. cxd5 cxd5 10. Bb4 Qb6 11. Qc3 Qc6 12. Bd1 Qxc3+ 13. bxc3 Nb6 14. Ne2
Bd7 15. O-O Nc4 16. Nf4 a5 17. Bc5 b6 18. Bxb6 Nxb6 19. Rb1 Rb8 20. f3 O-O 21.
fxe4 Nxe4 22. Rb2 Nxc3 23. Bb3 a4 24. Bc2 Nc4 25. Rxb8 Rxb8 26. Rf3 Rb2 27. Bd3
Nd2 28. Rg3 Nde4 29. Rf3 Rxa2 30. h4 Ra1+ 31. Kh2 Bg4 32. Rf1 Rxf1 33. Bxf1 a3
34. Nd3 0-1

[Event "Rentree-B"]
[Site "Gatineau CAN"]
[Date "2016.09.21"]
[Round "2"]
[White "Ethier, Valori"]
[Black "Berthiaume, Serge"]
[Result "1/2-1/2"]
[WhiteElo "1319"]
[BlackElo "1463"]
[PlyCount "167"]
[EventDate "2016.09.13"]
[EventType "swiss"]
[EventRounds "5"]
[EventCountry "CAN"]

1. f4 e6 2. Nf3 Nf6 3. e3 b6 4. c4 Bb7 5. Nc3 d5 6. b3 Be7 7. Bd3 Nbd7 8. O-O
Nc5 9. Qe2 Nfe4 10. Bb2 Bf6 11. Ne5 d4 12. Nb5 dxe3 13. dxe3 Qe7 14. Rad1 O-O
15. Bb1 Rfd8 16. Rxd8+ Rxd8 17. Rd1 Rxd1+ 18. Qxd1 Bxe5 19. Bxe5 a6 20. Nc3 f6
21. Bd4 Qd6 22. Bxc5 Qxc5 23. Qd8+ Kf7 24. Qd7+ Kg6 25. Qe8+ Kh6 26. Nd1 Qc6
27. Qxc6 Bxc6 28. Bxe4 Bxe4 29. Nc3 Bd3 30. Kf2 Kg6 31. Kf3 Bc2 32. e4 Bd3 33.
h4 f5 34. e5 Kf7 35. Ke3 Bf1 36. g3 Bg2 37. Kf2 Bh1 38. Ke2 Kg6 39. Kf2 Kh5 40.
Ne2 Bb7 41. Nd4 Bc8 42. Nf3 Kg4 43. Nh2+ Kh5 44. Nf3 h6 45. Nd4 c5 46. Nc2 Bd7
47. Ne3 Bc6 48. Nd1 Kg4 49. Ne3+ Kh3 50. Nc2 Be4 51. Na1 Kg4 52. a3 Kh3 53. b4
cxb4 54. axb4 a5 55. bxa5 bxa5 56. Nb3 a4 57. Nc1 Kg4 58. Na2 g5 59. hxg5 hxg5
60. fxg5 Kxg5 61. Nb4 a3 62. Na2 f4 63. Nc3 fxg3+ 64. Kxg3 Kf5 65. Kf2 Kxe5 66.
Ke3 Bc6 67. Na2 Kd6 68. Kd4 e5+ 69. Kc3 Kc5 70. Kb3 e4 71. Nb4 Bd7 72. Nc2 Be6
73. Nxa3 e3 74. Kc3 e2 75. Kd2 Bg4 76. Ke1 Kb4 77. Nc2+ Kc5 78. Ne3 Bf3 79. Kd2
Kd4 80. Nc2+ Kxc4 81. Ne1 Bh5 82. Nd3 Kd4 83. Nf4 Bf3 84. Nxe2+ 1/2-1/2

[Event "Rentree-B"]
[Site "Gatineau CAN"]
[Date "2016.09.20"]
[Round "2"]
[White "Legare, Gilles"]
[Black "Masse-Garneau, Anthony"]
[Result "0-1"]
[WhiteElo "1038"]
[BlackElo "1327"]
[PlyCount "86"]
[EventDate "2016.09.13"]
[EventType "swiss"]
[EventRounds "5"]
[EventCountry "CAN"]

1. e4 e5 2. Nf3 Nc6 3. Nc3 Nf6 4. d4 exd4 5. Nxd4 Bc5 6. Be3 Bxd4 7. Bxd4 d6 8.
a3 O-O 9. Be2 Re8 10. Bxf6 Qxf6 11. Qd2 a6 12. Bd3 Be6 13. O-O Ne5 14. Be2 Rad8
15. b3 Qg6 16. Kh1 f5 17. f4 Nd7 18. Qd1 Qf6 19. Nd5 Bxd5 20. Qxd5+ Kh8 21. Bh5
Rxe4 22. Qxb7 g6 23. Rae1 Rxe1 24. Rxe1 gxh5 25. Qxc7 Nc5 26. h3 Ne4 27. Qc6
Qc3 28. Qxc3+ Nxc3 29. Re3 Ne4 30. Kh2 h4 31. c4 d5 32. c5 Nxc5 33. Re5 Nxb3
34. Rxf5 d4 35. Re5 d3 36. Re1 d2 37. Rd1 Rc8 38. Rb1 Rc1 39. Rxb3 d1=Q 40.
Rb8+ Kg7 41. Rb7+ Kf8 42. Rb8+ Ke7 43. Rb7+ Kd8 0-1

[Event "Rentree-B"]
[Site "Gatineau CAN"]
[Date "2016.09.20"]
[Round "2"]
[White "Rioux, Jocelyn"]
[Black "Bourbonnais, Luc"]
[Result "1-0"]
[WhiteElo "1380"]
[BlackElo "1265"]
[PlyCount "53"]
[EventDate "2016.09.13"]
[EventType "swiss"]
[EventRounds "5"]
[EventCountry "CAN"]

1. e4 e5 2. Nf3 Nc6 3. Bc4 Nf6 4. d3 d6 5. O-O Bg4 6. h3 Bh5 7. Be3 Be7 8. c3
Na5 9. Qa4+ Nc6 10. g4 Bg6 11. Bb5 Qd7 12. Nbd2 O-O 13. Nc4 Nxg4 14. Bxc6 bxc6
15. Kg2 Nxe3+ 16. Nxe3 f5 17. Nh2 Bg5 18. exf5 Bxf5 19. Nxf5 Qxf5 20. Qxc6 Rf7
21. Qxa8+ Rf8 22. Qd5+ Kh8 23. Qf3 Bf4 24. Qg4 Qxd3 25. Qd1 Qe4+ 26. Qf3 Qg6+
27. Kh1 1-0

[Event "Rentree-B"]
[Site "Gatineau CAN"]
[Date "2016.09.20"]
[Round "2"]
[White "Sabourin, Yves"]
[Black "Traversy, Pierre"]
[Result "1-0"]
[WhiteElo "1485"]
[BlackElo "1234"]
[PlyCount "117"]
[EventDate "2016.09.13"]
[EventType "swiss"]
[EventRounds "5"]
[EventCountry "CAN"]

1. d4 d5 2. c4 c6 3. Nc3 Nf6 4. Nf3 h6 5. Bf4 e6 6. e3 Bd6 7. Bxd6 Qxd6 8. c5
Qc7 9. Bd3 Nbd7 10. O-O b6 11. b4 e5 12. Nd2 e4 13. Bc2 bxc5 14. bxc5 O-O 15.
Ne2 Ng4 16. Nf4 Ngf6 17. a4 a5 18. Rb1 Ba6 19. Re1 Rab8 20. Nb3 Rb4 21. Nd2
Rfb8 22. Rb3 Nf8 23. Qa1 Ng6 24. Reb1 Nxf4 25. exf4 Qxf4 26. Rxb4 Rxb4 27. Rxb4
axb4 28. Qe1 Bc8 29. Qe3 Qb8 30. f3 Bf5 31. fxe4 Ng4 32. Qg3 Qxg3 33. hxg3 Bc8
34. exd5 cxd5 35. Bb3 Nf6 36. Nf1 Kf8 37. Ne3 Bb7 38. Nc2 Ke7 39. Nxb4 Kd7 40.
a5 Kc7 41. Kf1 g5 42. Ba2 g4 43. Ke1 Ba8 44. Bb1 Kd7 45. Bf5+ Kc7 46. Ke2 h5
47. Ke3 Ne8 48. Kf4 f6 49. Be6 Ng7 50. Bxd5 Bxd5 51. Nxd5+ Kb7 52. Nxf6 Ne6+
53. Ke5 Nc7 54. Nxh5 Kc6 55. Nf6 Kb5 56. Kd6 Na6 57. c6 Kxa5 58. c7 Nxc7 59.
Kxc7 1-0

[Event "Rentree-B"]
[Site "Gatineau CAN"]
[Date "2016.09.27"]
[Round "3"]
[White "Bourbonnais, Luc"]
[Black "Legare, Gilles"]
[Result "0-1"]
[WhiteElo "1265"]
[BlackElo "1038"]
[PlyCount "44"]
[EventDate "2016.09.13"]
[EventType "swiss"]
[EventRounds "5"]
[EventCountry "CAN"]

1. e4 c5 2. Nf3 Nc6 3. d4 e6 4. Nc3 cxd4 5. Nxd4 e5 6. Nde2 d6 7. Nd5 Nce7 8.
Nec3 Ng6 9. Bb5+ Bd7 10. Bxd7+ Qxd7 11. Be3 Nf4 12. Nxf4 exf4 13. Bxf4 Be7 14.
Nd5 Nf6 15. O-O O-O 16. Nxe7+ Qxe7 17. Bxd6 Qe6 18. Bxf8 Rxf8 19. Re1 Nxe4 20.
f3 Qb6+ 21. Kh1 Nf2+ 22. Kg1 Nxd1+ 0-1

[Event "Rentree-B"]
[Site "Gatineau CAN"]
[Date "2016.09.27"]
[Round "3"]
[White "Clermont, Yves"]
[Black "Berthiaume, Patrick"]
[Result "1/2-1/2"]
[WhiteElo "1252"]
[BlackElo "1421"]
[PlyCount "64"]
[EventDate "2016.09.13"]
[EventType "swiss"]
[EventRounds "5"]
[EventCountry "CAN"]

1. e4 e6 2. d4 d5 3. e5 c5 4. c3 Nc6 5. Nf3 Nge7 6. dxc5 Ng6 7. Bb5 Bxc5 8. O-O
Qb6 9. Bd3 Ncxe5 10. Be3 Bxe3 11. Bxg6 Nxf3+ 12. Qxf3 Bxf2+ 13. Rxf2 fxg6 14.
Qf7+ Kd8 15. Qxg7 Re8 16. Nd2 Re7 17. Qe5 Qc7 18. Qg5 Bd7 19. Raf1 Be8 20. Rf8
Kd7 21. Nf3 Rd8 22. Ne5+ Kc8 23. Qe3 b6 24. b4 Kb7 25. Rc1 Bf7 26. Rxd8 Qxd8
27. Qg5 Qc7 28. c4 Qd6 29. c5 bxc5 30. bxc5 Qc7 31. c6+ Kc8 32. Rb1 Qd6 1/2-1/2

[Event "Rentree-B"]
[Site "Gatineau CAN"]
[Date "2016.09.27"]
[Round "3"]
[White "Lecorre, Joel"]
[Black "Raymond, Robert"]
[Result "1/2-1/2"]
[WhiteElo "1564"]
[BlackElo "1326"]
[PlyCount "145"]
[EventDate "2016.09.13"]
[EventType "swiss"]
[EventRounds "5"]
[EventCountry "CAN"]

1. e4 e5 2. Bc4 Nf6 3. d4 Nc6 4. d5 Nb8 5. Qe2 d6 6. Nc3 g6 7. h3 Bg7 8. Be3
O-O 9. Nf3 c6 10. Rd1 c5 11. g4 a6 12. a4 Bd7 13. Bg5 Qa5 14. O-O Bc8 15. Bd2
Qd8 16. Kh2 Nxg4+ 17. hxg4 Bxg4 18. Rh1 Qf6 19. Kg3 Bxf3 20. Qxf3 Qxf3+ 21.
Kxf3 f5 22. Rh2 f4 23. Rdh1 h5 24. Bf1 Nd7 25. Bh3 Nf6 26. Be6+ Kh7 27. Rg2 Ne8
28. Ne2 Nc7 29. Bh3 Rf6 30. Ng1 b5 31. a5 b4 32. Ke2 Nb5 33. Nf3 Ra7 34. c3
bxc3 35. Bxc3 Nxc3+ 36. bxc3 Rb7 37. Rhg1 Bh6 38. Kd3 Rb5 39. Ra1 Rb7 40. Bc8
Ra7 41. Rb1 Rf8 42. Rb7+ Rxb7 43. Bxb7 Kg7 44. Rg1 Rb8 45. Bc6 Kf6 46. Nh4 g5
47. Nf5 Bf8 48. f3 Rb2 49. Rh1 h4 50. Nxh4 gxh4 51. Rxh4 Kg5 52. Rh8 Rb8 53.
Kc2 Kf6 54. Rh7 Bg7 55. Rh1 Kg5 56. Rg1+ Kf6 57. Rb1 Rh8 58. Bd7 Rh2+ 59. Kb3
Rf2 60. Bg4 Rh2 61. Rb2 Rh8 62. Kc4 Ra8 63. Rb6 Bf8 64. Bh3 Kg5 65. Kd3 Kh4 66.
Bf1 Kg3 67. Ke2 Be7 68. c4 Bf8 69. Rb7 Kh4 70. Rh7+ Kg5 71. Rh8 Kf6 72. Bh3 Kg7
73. Rh4 1/2-1/2

[Event "Rentree-B"]
[Site "Gatineau CAN"]
[Date "2016.09.27"]
[Round "3"]
[White "Masse-Garneau, Anthony"]
[Black "Rioux, Jocelyn"]
[Result "0-1"]
[WhiteElo "1327"]
[BlackElo "1380"]
[PlyCount "52"]
[EventDate "2016.09.13"]
[EventType "swiss"]
[EventRounds "5"]
[EventCountry "CAN"]

1. d4 Nf6 2. c4 e6 3. Nf3 d5 4. e3 b6 5. a3 Be7 6. Nbd2 O-O 7. Qc2 Nbd7 8. b4
c5 9. bxc5 bxc5 10. Rb1 Ba6 11. Bd3 dxc4 12. Bxc4 Bxc4 13. Nxc4 cxd4 14. Nxd4
Rc8 15. Qe2 Qc7 16. Nd2 Qxc1+ 17. Rxc1 Rxc1+ 18. Qd1 Rxd1+ 19. Kxd1 Bxa3 20.
Nb5 Bc5 21. Nb3 Rd8 22. Ke2 Bb6 23. Rd1 Nd5 24. e4 Nf4+ 25. Kf3 Ne5+ 26. Kxf4
Ng6+ 0-1

[Event "Rentree-B"]
[Site "Gatineau CAN"]
[Date "2016.09.27"]
[Round "3"]
[White "Piche, Guy"]
[Black "Berthiaume, Serge"]
[Result "1-0"]
[WhiteElo "1579"]
[BlackElo "1463"]
[PlyCount "93"]
[EventDate "2016.09.13"]
[EventType "swiss"]
[EventRounds "5"]
[EventCountry "CAN"]

1. e4 g6 2. d4 Bg7 3. Nf3 c5 4. c3 Nc6 5. Be3 cxd4 6. Nxd4 Nf6 7. Bd3 d6 8. O-O
Ng4 9. Nxc6 bxc6 10. Bd4 e5 11. Be3 Nxe3 12. fxe3 Qb6 13. Qd2 O-O 14. Na3 d5
15. Kh1 Bh6 16. Rae1 Be6 17. b3 a6 18. Qe2 a5 19. exd5 cxd5 20. e4 Bg7 21. exd5
Bxd5 22. Nc4 Bxc4 23. Bxc4 Ra7 24. Rd1 Re7 25. Qe4 Rd8 26. Rd5 Rxd5 27. Qxd5
Qc7 28. Rd1 e4 29. Qa8+ Bf8 30. Rd8 Qf4 31. Rxf8+ Kg7 32. Rg8+ Kh6 33. Qf8+ Kg5
34. Qxe7+ f6 35. Qc5+ Kh6 36. Qg1 Qd2 37. Qf1 Qxc3 38. g3 Qe3 39. Be6 Kg5 40.
Rf8 f5 41. Kg2 Qd2+ 42. Qf2 Qd6 43. h4+ Kh5 44. Qe2+ Kh6 45. Qe3+ Kg7 46. Rf7+
Kh8 47. Qc3+ 1-0

[Event "Rentree-B"]
[Site "Gatineau CAN"]
[Date "2016.09.27"]
[Round "3"]
[White "Simard, Paul"]
[Black "Sabourin, Yves"]
[Result "0-1"]
[WhiteElo "1165"]
[BlackElo "1485"]
[PlyCount "66"]
[EventDate "2016.09.13"]
[EventType "swiss"]
[EventRounds "5"]
[EventCountry "CAN"]

1. f4 d5 2. e3 c5 3. Nf3 Nf6 4. b3 e6 5. Bb2 Be7 6. Be2 Nc6 7. Bb5 Bd7 8. Bxc6
Bxc6 9. O-O b5 10. Ne5 Bb7 11. d4 c4 12. Nd2 Qc7 13. c3 O-O 14. bxc4 bxc4 15.
Ndf3 Ne4 16. Nd2 Nxd2 17. Qxd2 f6 18. Ng4 Bc6 19. Qc2 Be8 20. Rf3 Bg6 21. Qf2
h5 22. Qg3 hxg4 23. Qxg4 Bf5 24. Qh4 Kf7 25. g4 Rh8 26. Qg3 Be4 27. Rff1 Rab8
28. Bc1 Qa5 29. Bd2 Rb2 30. Rf2 Rhb8 31. Bc1 Rxf2 32. Qxf2 Qxc3 33. a4 Qxa1 0-1

[Event "Rentree-B"]
[Site "Gatineau CAN"]
[Date "2016.09.27"]
[Round "3"]
[White "Traversy, Pierre"]
[Black "Arcand, Pierre"]
[Result "1-0"]
[WhiteElo "1234"]
[BlackElo "1257"]
[PlyCount "129"]
[EventDate "2016.09.13"]
[EventType "swiss"]
[EventRounds "5"]
[EventCountry "CAN"]

1. d4 d5 2. Nf3 Nf6 3. Nc3 Nc6 4. a3 e6 5. e3 Be7 6. b3 O-O 7. Be2 a6 8. Bb2
Bd6 9. h3 e5 10. dxe5 Nxe5 11. Nxd5 Nxf3+ 12. Bxf3 Nxd5 13. Bxd5 Qg5 14. Bf3
Rd8 15. Qe2 Be5 16. c3 Qf6 17. Rc1 c6 18. O-O b6 19. Rfd1 Bb7 20. Rc2 Rxd1+ 21.
Qxd1 Rd8 22. Rd2 Rxd2 23. Qxd2 Qd6 24. Qd1 Qxd1+ 25. Bxd1 c5 26. f4 Bf6 27. Kf2
b5 28. Bf3 Bxf3 29. Kxf3 b4 30. axb4 cxb4 31. Bc1 bxc3 32. e4 Bd4 33. Ke2 Kf8
34. Kd3 Bf2 35. Kxc3 Ke7 36. Kc4 Kd7 37. Kd5 Ke7 38. g4 f6 39. f5 Kd7 40. Ba3
Bb6 41. Bc5 Bc7 42. Be3 Be5 43. Bd2 Bd6 44. Ba5 Be5 45. Kc5 Bc7 46. Bb6 Bd6+
47. Kd5 Be5 48. Be3 Bd6 49. g5 fxg5 50. Bxg5 a5 51. e5 Be7 52. e6+ Ke8 53. h4
Bxg5 54. hxg5 g6 55. f6 Kf8 56. Kd6 a4 57. bxa4 h6 58. Kd7 hxg5 59. e7+ Kf7 60.
e8=Q+ Kxf6 61. Qe4 Kg7 62. Ke6 Kh6 63. Qg4 Kg7 64. Qxg5 Kh7 65. a5 1-0

[Event "Rentree-B"]
[Site "Gatineau CAN"]
[Date "2016.10.04"]
[Round "4"]
[White "Arcand, Pierre"]
[Black "Clermont, Yves"]
[Result "1/2-1/2"]
[WhiteElo "1257"]
[BlackElo "1252"]
[PlyCount "64"]
[EventDate "2016.09.13"]
[EventType "swiss"]
[EventRounds "5"]
[EventCountry "CAN"]

1. e4 e6 2. Nf3 d5 3. Bb5+ Bd7 4. Bxd7+ Qxd7 5. Nc3 Ne7 6. exd5 Nxd5 7. Nxd5
Qxd5 8. O-O Bd6 9. d3 h6 10. c4 Qh5 11. b3 Nc6 12. Bb2 Rg8 13. h3 O-O-O 14. Nd4
Qe5 15. Re1 Qh2+ 16. Kf1 Qh1+ 17. Ke2 Qxg2 18. Nxc6 Qxc6 19. Rg1 Qc5 20. Rxg7
Rxg7 21. Bxg7 Qh5+ 22. f3 Qxh3 23. Qh1 Qg3 24. Rg1 Qf4 25. Qxh6 Qxh6 26. Bxh6
Rh8 27. Be3 Rh2+ 28. Bf2 Bc5 29. Rf1 a6 30. f4 Kd7 31. Kf3 Bxf2 32. Rxf2 Rh3+
1/2-1/2

[Event "Rentree-B"]
[Site "Gatineau CAN"]
[Date "2016.10.04"]
[Round "4"]
[White "Berthiaume, Patrick"]
[Black "Traversy, Pierre"]
[Result "1-0"]
[WhiteElo "1421"]
[BlackElo "1234"]
[PlyCount "117"]
[EventDate "2016.09.13"]
[EventType "swiss"]
[EventRounds "5"]
[EventCountry "CAN"]

1. d4 d5 2. Nf3 Nf6 3. c4 c6 4. Nc3 h6 5. e3 e6 6. Be2 Nbd7 7. O-O c5 8. Qb3 a6
9. cxd5 exd5 10. Nxd5 b5 11. Nc3 Bb7 12. Rd1 c4 13. Qc2 Bd6 14. e4 O-O 15. e5
Bc7 16. exf6 Nxf6 17. Ne5 Nd5 18. Nxd5 Bxd5 19. Bf3 Bxf3 20. Nxf3 Re8 21. Be3
Qf6 22. a4 Rad8 23. axb5 axb5 24. Re1 Re7 25. Bd2 Red7 26. Re2 Bf4 27. Rae1 g6
28. Re8+ Kg7 29. Bc3 Kh7 30. Qe4 Rxe8 31. Qxe8 Qd8 32. Qxd8 Rxd8 33. Re7 Kg8
34. Rb7 Rd5 35. g3 Bd6 36. Nd2 b4 37. Bxb4 Bxb4 38. Rxb4 Rxd4 39. Nxc4 h5 40.
b3 g5 41. Rb6 Kg7 42. Kf1 f6 43. Ke2 g4 44. Ne3 Kg6 45. b4 Rd8 46. b5 Kf7 47.
f3 Re8 48. fxg4 hxg4 49. Kf2 Re4 50. Rc6 Rb4 51. b6 Rb2+ 52. Nc2 Ke7 53. Ke3
Rb1 54. Kd4 Kd7 55. Kd5 Rc1 56. Rc7+ Kd8 57. Kd6 Rd1+ 58. Kc6 Rh1 59. Nd4 1-0

[Event "Rentree-B"]
[Site "Gatineau CAN"]
[Date "2016.10.04"]
[Round "4"]
[White "Berthiaume, Serge"]
[Black "Raymond, Robert"]
[Result "1-0"]
[WhiteElo "1463"]
[BlackElo "1326"]
[PlyCount "65"]
[EventDate "2016.09.13"]
[EventType "swiss"]
[EventRounds "5"]
[EventCountry "CAN"]

1. d4 d5 2. Bf4 e6 3. Nf3 Bd6 4. Bg3 Bxg3 5. hxg3 Nc6 6. e3 Qd6 7. c3 b6 8. Bd3
g6 9. Nbd2 Bb7 10. Qe2 O-O-O 11. Ng5 Qe7 12. O-O-O h6 13. f4 Nf6 14. Ngf3 Nh5
15. Rh3 Nf6 16. Rdh1 h5 17. Nh4 Rh6 18. Ndf3 Rg8 19. Ng5 Nh7 20. Nxh7 Rxh7 21.
Nf3 Rgh8 22. g4 h4 23. g5 f5 24. gxf6 Qxf6 25. Ng5 Rh5 26. Qg4 Nd8 27. Rxh4 Kb8
28. Rxh5 gxh5 29. Rxh5 Rxh5 30. Qxh5 Qg7 31. Qe8 Qf6 32. Nxe6 Kc8 33. Nxd8 1-0

[Event "Rentree-B"]
[Site "Gatineau CAN"]
[Date "2016.10.04"]
[Round "4"]
[White "Legare, Gilles"]
[Black "Lecorre, Joel"]
[Result "0-1"]
[WhiteElo "1038"]
[BlackElo "1564"]
[PlyCount "54"]
[EventDate "2016.09.13"]
[EventType "swiss"]
[EventRounds "5"]
[EventCountry "CAN"]

1. e4 e5 2. Nf3 Nc6 3. Nc3 Nf6 4. d4 Bb4 5. a3 Bxc3+ 6. bxc3 exd4 7. Bg5 Qe7 8.
cxd4 Qxe4+ 9. Qe2 O-O 10. Bxf6 Qxe2+ 11. Bxe2 gxf6 12. O-O d5 13. c3 Bf5 14. h3
Na5 15. Nd2 Rfe8 16. Rfe1 Re6 17. Kh2 Rae8 18. Bb5 Rxe1 19. Ra2 c6 20. Ba4 R8e2
21. Nf3 Rxa2 22. Nxe1 Rxa3 23. Bc2 Bxc2 24. Nxc2 Rxc3 25. Ne3 b5 26. Ng4 Kg7
27. Ne3 Rxe3 0-1

[Event "Rentree-B"]
[Site "Gatineau CAN"]
[Date "2016.10.04"]
[Round "4"]
[White "Rioux, Jocelyn"]
[Black "Ethier, Valori"]
[Result "0-1"]
[WhiteElo "1380"]
[BlackElo "1319"]
[PlyCount "140"]
[EventDate "2016.09.13"]
[EventType "swiss"]
[EventRounds "5"]
[EventCountry "CAN"]

1. e4 c6 2. Nf3 d5 3. exd5 cxd5 4. d4 Bg4 5. h3 Bxf3 6. Qxf3 Nc6 7. Be3 Nf6 8.
Nc3 e6 9. a3 a6 10. Bd3 Rc8 11. Ne2 Bd6 12. c3 Na5 13. b4 Nc4 14. Bg5 Be7 15.
O-O h6 16. Bf4 Bd6 17. Bxc4 Rxc4 18. Rac1 Qc7 19. Qg3 Nh5 20. Qg4 g6 21. Bxd6
Qxd6 22. Qf3 Qe7 23. g4 Nf6 24. Nf4 Ne4 25. Rfe1 O-O 26. Nd3 Rxc3 27. Rxc3 Nxc3
28. Ne5 Ne4 29. Qf4 Kg7 30. f3 Ng5 31. Kg2 Qc7 32. Rc1 Qd6 33. Nxg6 Qxf4 34.
Nxf4 Re8 35. h4 Nh7 36. Rc7 Nf6 37. g5 hxg5 38. hxg5 Nh7 39. g6 Ng5 40. Rxb7
Rc8 41. gxf7 Nxf7 42. Nxe6+ Kf6 43. Nc7 Rg8+ 44. Kf2 Rc8 45. Nxd5+ Kg7 46. Ke3
Kf8 47. Ke4 Nd6+ 48. Ke5 Nxb7 49. Kf6 Re8 50. Nc7 Re3 51. Nxa6 Rxf3+ 52. Ke6
Rxa3 53. b5 Rb3 54. Nc7 Rc3 55. Kd7 Kf7 56. b6 Rc4 57. Kc8 Nd6+ 58. Kd7 Rxd4
59. Kc6 Ke7 60. Nd5+ Ke6 61. Kc5 Rxd5+ 62. Kc6 Rb5 63. Kc7 Ke7 64. Kc6 Rb2 65.
Kc7 Rc2+ 66. Kb8 Kd8 67. Ka8 Kc8 68. b7+ Nxb7 69. Ka7 Rc6 70. Ka8 Ra6# 0-1

[Event "Rentree-B"]
[Site "Gatineau CAN"]
[Date "2016.10.04"]
[Round "4"]
[White "Sabourin, Yves"]
[Black "Masse-Garneau, Anthony"]
[Result "0-1"]
[WhiteElo "1485"]
[BlackElo "1327"]
[PlyCount "92"]
[EventDate "2016.09.13"]
[EventType "swiss"]
[EventRounds "5"]
[EventCountry "CAN"]

1. e4 e5 2. Nf3 Nc6 3. Bc4 Bc5 4. c3 Nf6 5. d4 exd4 6. cxd4 Bb4+ 7. Bd2 Bxd2+
8. Nbxd2 d5 9. exd5 Nxd5 10. O-O O-O 11. Ne5 Nxe5 12. dxe5 Be6 13. Nf3 c6 14.
Qb3 b5 15. Bxd5 Bxd5 16. Qc3 Qc7 17. Rfe1 Rfe8 18. Nd4 a6 19. f4 Qb6 20. Rec1
Rad8 21. Qc5 Qxc5 22. Rxc5 Be4 23. Rd1 Rd7 24. Kf2 Red8 25. Ke3 Bxg2 26. Rd2
Bd5 27. a3 Bh1 28. Rc1 Bg2 29. Nb3 Rxd2 30. Nxd2 Kf8 31. Nb3 Ke7 32. Nd4 Rc8
33. Rg1 Bd5 34. Rxg7 c5 35. Nf5+ Ke6 36. Nd6 Rf8 37. f5+ Kxe5 38. Nxf7+ Rxf7
39. Rxf7 Bxf7 40. a4 Kxf5 41. axb5 axb5 42. Kd3 Ke5 43. Kc3 b4+ 44. Kd3 b3 45.
Kc3 c4 46. Kd2 Kf4 0-1

[Event "Rentree-B"]
[Site "Gatineau CAN"]
[Date "2016.10.04"]
[Round "4"]
[White "Simard, Paul"]
[Black "Bourbonnais, Luc"]
[Result "1-0"]
[WhiteElo "1165"]
[BlackElo "1265"]
[PlyCount "105"]
[EventDate "2016.09.13"]
[EventType "swiss"]
[EventRounds "5"]
[EventCountry "CAN"]

1. f4 d5 2. e3 c5 3. Nf3 Nc6 4. Bb5 a6 5. Bxc6+ bxc6 6. b3 Nf6 7. Bb2 g6 8. O-O
Bg7 9. Ne5 Qd6 10. Nc3 O-O 11. Ne2 Bf5 12. Ng3 Be6 13. Rb1 d4 14. Qe2 Rfd8 15.
Rbd1 Qc7 16. Qf3 Bd5 17. Qe2 Be6 18. Ba3 Qa5 19. Bb2 Qc7 20. a4 Rd6 21. Ba3 Qa7
22. Kh1 Qb6 23. e4 Rdd8 24. h3 Nd7 25. Nd3 a5 26. f5 gxf5 27. exf5 Bd5 28. Nh5
Bh8 29. Qg4+ Kf8 30. Rde1 f6 31. Qf4 Bg8 32. Qh6+ Kf7 33. Re6 Qa7 34. Rfe1 Re8
35. R1e4 Ne5 36. Bxc5 Qc7 37. Bxd4 Nxd3 38. cxd3 Qd8 39. Rg4 Rf8 40. Bc5 Rb8
41. Qe3 Rb7 42. Rge4 Re8 43. Qh6 Rd7 44. Rg4 Rf8 45. d4 Ke8 46. Qe3 Kf7 47.
Rge4 Re8 48. Qg3 Kf8 49. Nf4 Kf7 50. Qg4 Bg7 51. Qh5+ Kf8 52. Qg4 Bxe6 53.
Nxe6+ 1-0

[Event "Rentree-B"]
[Site "Gatineau CAN"]
[Date "2016.10.11"]
[Round "5"]
[White "Berthiaume, Serge"]
[Black "Sabourin, Yves"]
[Result "0-1"]
[WhiteElo "1463"]
[BlackElo "1485"]
[PlyCount "172"]
[EventDate "2016.09.13"]
[EventType "swiss"]
[EventRounds "5"]
[EventCountry "CAN"]

1. d4 Nf6 2. Nf3 g6 3. Bf4 Bg7 4. Nc3 c6 5. e4 d6 6. Bd3 O-O 7. Qd2 Re8 8. Bh6
Bh8 9. O-O-O b5 10. e5 dxe5 11. dxe5 Nd5 12. Rhe1 a5 13. Nxd5 Qxd5 14. b3 Bg4
15. c4 Qc5 16. Qf4 Bxf3 17. gxf3 Nd7 18. Bxg6 Nxe5 19. Rxe5 Qa3+ 20. Kb1 hxg6
21. Qe4 Rad8 22. Rc1 Bxe5 23. Qxe5 f6 24. Qe6+ Kh7 25. Be3 Qd6 26. Qh3+ Kg8 27.
Qg3 Qxg3 28. hxg3 Kf7 29. cxb5 cxb5 30. Rc5 Rb8 31. Kb2 Rec8 32. Rd5 Rb7 33.
Bd2 e6 34. Rd3 b4 35. Be3 Rbc7 36. Rd2 Rc6 37. f4 Ke7 38. Re2 Rd6 39. g4 Rd5
40. Re1 Ra8 41. Rh1 Kf7 42. Rh7+ Kg8 43. Rc7 a4 44. bxa4 Rxa4 45. Rc6 Kf7 46.
Rc7+ Ke8 47. Ra7 Rxa7 48. Bxa7 Kd7 49. Be3 Kc6 50. a4 bxa3+ 51. Kxa3 Rd3+ 52.
Kb4 Kd5 53. g5 f5 54. Bb6 Ke4 55. Kc4 Rf3 56. Kc5 Kxf4 57. Kd6 Kxg5 58. Kxe6
Kg4 59. Kf6 g5 60. Be3 f4 61. Bb6 Rb3 62. Bd4 Rb5 63. Ke6 Kf3 64. Ba7 g4 65.
Bd4 g3 66. fxg3 fxg3 67. Kd6 g2 68. Kc6 Rb1 69. Kc5 g1=Q 70. Bxg1 Rxg1 71. Kd5
Rg4 72. Ke5 Rh4 73. Kf5 Rh5+ 74. Ke6 Kf4 75. Kf6 Rh6+ 76. Ke7 Kf5 77. Kd7 Ke5
78. Kc7 Kd5 79. Kb7 Kc5 80. Kc7 Rh7+ 81. Kd8 Kc6 82. Ke8 Kd6 83. Kf8 Ke6 84.
Kg8 Ra7 85. Kf8 Rb7 86. Kg8 Kf6 0-1

[Event "Rentree-B"]
[Site "Gatineau CAN"]
[Date "2016.10.11"]
[Round "5"]
[White "Ethier, Valori"]
[Black "Masse-Garneau, Anthony"]
[Result "1/2-1/2"]
[WhiteElo "1319"]
[BlackElo "1327"]
[PlyCount "74"]
[EventDate "2016.09.13"]
[EventType "swiss"]
[EventRounds "5"]
[EventCountry "CAN"]

1. f4 d5 2. b3 Nf6 3. Bb2 e6 4. Nf3 Be7 5. e3 O-O 6. Bd3 Nbd7 7. c4 Nc5 8. Ne5
Nxd3+ 9. Nxd3 dxc4 10. Ne5 cxb3 11. axb3 Nd7 12. O-O Nxe5 13. Bxe5 Bf6 14. d4
Bxe5 15. fxe5 b6 16. Qf3 Qd5 17. Qxd5 exd5 18. Nc3 c6 19. Rf2 Be6 20. b4 Rfc8
21. Raf1 b5 22. Ne2 Rc7 23. Nf4 h6 24. h3 Re8 25. Ra1 f6 26. Nd3 fxe5 27. Nxe5
Rf8 28. Raf1 Rxf2 29. Rxf2 Bc8 30. Ng6 Bb7 31. Rf8+ Kh7 32. Ne5 Re7 33. Rf1 Kg8
34. Kf2 Re8 35. Ke2 Rf8 36. Rc1 Kh7 37. Nd7 Rf7 1/2-1/2

[Event "Rentree-B"]
[Site "Gatineau CAN"]
[Date "2016.10.11"]
[Round "5"]
[White "Legare, Gilles"]
[Black "Berthiaume, Patrick"]
[Result "0-1"]
[WhiteElo "1038"]
[BlackElo "1421"]
[PlyCount "79"]
[EventDate "2016.09.13"]
[EventType "swiss"]
[EventRounds "5"]
[EventCountry "CAN"]

1. e4 e6 2. Nf3 d5 3. e5 c5 4. Be2 Nc6 5. O-O Nge7 6. Nc3 Ng6 7. d4 cxd4 8. Nb5
Ngxe5 9. Nfxd4 a6 10. Nxc6 Nxc6 11. Nd4 Be7 12. Nxc6 bxc6 13. Qd4 O-O 14. Bf4
c5 15. Qd2 Bf6 16. c3 e5 17. Bg3 c4 18. Qd1 Rb8 19. Bg4 Bxg4 20. Qxg4 Rxb2 21.
Qf5 g6 22. Qf3 Bg7 23. h4 Qa5 24. Rad1 e4 25. Qg4 Bxc3 26. Qg5 Rd8 27. h5 Rb5
28. hxg6 hxg6 29. Qe7 Rf8 30. Bf4 Qd8 31. Qa3 Qf6 32. g3 g5 33. Be3 d4 34. Bd2
Bxd2 35. Rxd2 c3 36. Rc2 Rc8 37. Qc1 d3 38. f4 dxc2 39. fxg5 Qxf1+ 40. Qxf1 0-1